000 00767nam a2200193 u 4500
001 000379241
003 AM-YeHGA
005 20250617132108.0
008 041109s1974 ||||||||||||||||||||rus d
040 _aAM-YeHGA
041 0 _arus
100 1 _aАнджапаридзе, Отар Георгиевич
245 1 0 _aМоделирование и исследование хронических форм вирусных инфекций в культурах клеток /
_cО.Г. Анджапаридзе, Н.Н. Богомолова .
260 _aМосква :
_bМедицина ,
_c1974 .
300 _a184 с.
650 1 4 _aВирусные инфекции
700 1 _aБогомолова, Надежда Николаевна
090 _c146362
999 _c144977
_d144977